000 00349nam a22001457a 4500
020 _a9780073398273
040 _cNUST
082 _a620.106 WHI
100 _a White, Frank M
_93282
245 _aFluid Mechanics
250 _a8th Edition
260 _aNew York:
_bMcGraw-Hill Education,
_c2016.
650 _aFluid Mechanics
942 _2ddc
_cTEXT
999 _c595345
_d595345